| 000 | 00450nam a2200169Ia 4500 | ||
|---|---|---|---|
| 999 |
_c3039 _d3039 |
||
| 003 | LSTLib | ||
| 008 | 210819b ||||| |||| 00| 0 eng d | ||
| 020 | _a97895588170807 | ||
| 041 | _aeng | ||
| 082 |
_a351.83 _bSUR |
||
| 100 |
_aSuriarachchi, G L S _9383 |
||
| 245 | _aIndex to Labour Laws of Sri Lanka | ||
| 260 |
_aColombo _c2008 |
||
| 300 | _a53 p. | ||
| 650 |
_aCentral Governments _915522 |
||
| 942 |
_cTB _k351.83 _2ddc _mSUR |
||